<?xml version="1.0" encoding="UTF-8"?>
<collection xmlns="http://www.loc.gov/MARC21/slim">
    <record>
        <controlfield tag="001">70889</controlfield>
        <controlfield tag="005">20180613135142.0</controlfield>
        <datafield tag="024" ind1="7" ind2=" ">
            <subfield code="2">doi</subfield>
            <subfield code="a">10.1007/978-981-10-5122-7_120</subfield>
        </datafield>
        <datafield tag="024" ind1="8" ind2=" ">
            <subfield code="2">sideral</subfield>
            <subfield code="a">101118</subfield>
        </datafield>
        <datafield tag="037" ind1=" " ind2=" ">
            <subfield code="a">ART-2017-101118</subfield>
        </datafield>
        <datafield tag="041" ind1=" " ind2=" ">
            <subfield code="a">eng</subfield>
        </datafield>
        <datafield tag="100" ind1=" " ind2=" ">
            <subfield code="0">(orcid)0000-0003-4130-5866</subfield>
            <subfield code="a">Ramírez, J.</subfield>
        </datafield>
        <datafield tag="245" ind1=" " ind2=" ">
            <subfield code="a">Quantification of t-wave morphological variability using time-warping methods</subfield>
        </datafield>
        <datafield tag="260" ind1=" " ind2=" ">
            <subfield code="c">2017</subfield>
        </datafield>
        <datafield tag="506" ind1="0" ind2=" ">
            <subfield code="a">Access copy available to the general public</subfield>
            <subfield code="f">Unrestricted</subfield>
        </datafield>
        <datafield tag="520" ind1="3" ind2=" ">
            <subfield code="a">The aim of this study is to quantify the variation of the T-wave morphology during a 24-hour electrocardiogram (ECG) recording. Two ECG-derived markers are presented to quantify T-wave morphological variability in the temporal, dw, and amplitude, da , domains. Two additional markers, dw NL and da NL , that only capture the non-linear component of dw and da are also proposed. The proposed markers are used to quantify T-wave time and amplitude variations in 500 24-hour ECG recordings from chronic heart failure patients. Additionally, two mean warped T-waves, used in the calculation of those markers, are proposed to compensate for the rate dependence of the T-wave morphology. Statistical analysis is used to evaluate the correlation between dw, dw NL , da and da NL and the maximum intra-subject RR range, ¿RR. Results show that the mean warped T-wave is able to compensate for the morphological differences due to RR dynamics. Moreover, the metrics dw and dw NL are correlated with ¿RR, but da and da NL are not. The proposed dw and dw NL quantify variations in the temporal domain of the T-wave that are correlated with the RR range and, thus, could possibly reflect the variations of dispersion of repolarization due to changes in heart rate.</subfield>
        </datafield>
        <datafield tag="536" ind1=" " ind2=" ">
            <subfield code="9">info:eu-repo/grantAgreement/ES/MINECO/DPI2016-75458-R</subfield>
            <subfield code="9">info:eu-repo/grantAgreement/ES/MINECO/TIN2013-41998-R</subfield>
        </datafield>
        <datafield tag="540" ind1=" " ind2=" ">
            <subfield code="9">info:eu-repo/semantics/openAccess</subfield>
            <subfield code="a">All rights reserved</subfield>
            <subfield code="u">http://www.europeana.eu/rights/rr-f/</subfield>
        </datafield>
        <datafield tag="655" ind1=" " ind2="4">
            <subfield code="a">info:eu-repo/semantics/article</subfield>
            <subfield code="v">info:eu-repo/semantics/acceptedVersion</subfield>
        </datafield>
        <datafield tag="700" ind1=" " ind2=" ">
            <subfield code="a">Orini, M.</subfield>
        </datafield>
        <datafield tag="700" ind1=" " ind2=" ">
            <subfield code="0">(orcid)0000-0002-1960-407X</subfield>
            <subfield code="a">Pueyo, E.</subfield>
            <subfield code="u">Universidad de Zaragoza</subfield>
        </datafield>
        <datafield tag="700" ind1=" " ind2=" ">
            <subfield code="0">(orcid)0000-0003-3434-9254</subfield>
            <subfield code="a">Laguna, P.</subfield>
            <subfield code="u">Universidad de Zaragoza</subfield>
        </datafield>
        <datafield tag="710" ind1="2" ind2=" ">
            <subfield code="1">5008</subfield>
            <subfield code="2">800</subfield>
            <subfield code="a">Universidad de Zaragoza</subfield>
            <subfield code="b">Departamento de Ingeniería Electrónica y Comunicaciones</subfield>
            <subfield code="c">Teoría de la Señal y Comunicaciones</subfield>
        </datafield>
        <datafield tag="773" ind1=" " ind2=" ">
            <subfield code="g">65 (2017), 478-481</subfield>
            <subfield code="p">IFMBE proc.</subfield>
            <subfield code="t">IFMBE proceedings</subfield>
            <subfield code="x">1680-0737</subfield>
        </datafield>
        <datafield tag="856" ind1="4" ind2=" ">
            <subfield code="s">318331</subfield>
            <subfield code="u">http://zaguan.unizar.es/record/70889/files/texto_completo.pdf</subfield>
            <subfield code="y">Postprint</subfield>
        </datafield>
        <datafield tag="856" ind1="4" ind2=" ">
            <subfield code="s">112436</subfield>
            <subfield code="u">http://zaguan.unizar.es/record/70889/files/texto_completo.jpg?subformat=icon</subfield>
            <subfield code="x">icon</subfield>
            <subfield code="y">Postprint</subfield>
        </datafield>
        <datafield tag="909" ind1="C" ind2="O">
            <subfield code="o">oai:zaguan.unizar.es:70889</subfield>
            <subfield code="p">articulos</subfield>
            <subfield code="p">driver</subfield>
        </datafield>
        <datafield tag="951" ind1=" " ind2=" ">
            <subfield code="a">2018-06-13-12:29:21</subfield>
        </datafield>
        <datafield tag="980" ind1=" " ind2=" ">
            <subfield code="a">ARTICLE</subfield>
        </datafield>
    </record>

    
</collection>